[Event "Ayvalik Chestnut"]
[Site "Ayvalik"]
[Date "2023.09.23"]
[Round "8.1"]
[White "Gholami, Aryan"]
[Black "Deveci, Huseyin Said"]
[Result "1-0"]
[WhiteElo "2504"]
[BlackElo "1948"]
[PlyCount "33"]
[EventDate "2023.09.18"]
[EventType "schev"]
[EventRounds "9"]
[EventCountry "TUR"]
[SourceTitle "EXT 2024"]
[Source "ChessBase"]
[SourceDate "2023.10.10"]
[SourceVersion "1"]
[SourceVersionDate "2023.10.10"]
[SourceQuality "1"]
[WhiteTeam "Team B"]
[BlackTeam "Team D"]
[WhiteTeamCountry "TUR"]
[BlackTeamCountry "TUR"]

1. d4 d5 2. Bf4 c5 3. e3 Nc6 4. c3 Bf5 5. Nd2 f6 6. Bg3 Nh6 7. Ngf3 g5 8. Qb3 Qd7 9. c4 Nb4 10. Rc1 e5 11. cxd5 cxd4 12. a3 Nc2+ 13. Kd1 Kf7 14. e4 Bd6 15. exf5 Ne3+ 16. fxe3 dxe3 17. Bb5 1-0

[Event "Ayvalik Chestnut"]
[Site "Ayvalik"]
[Date "2023.09.21"]
[Round "6.3"]
[White "Gholami, Aryan"]
[Black "Eren, Ataberk"]
[Result "1/2-1/2"]
[WhiteElo "2504"]
[BlackElo "2330"]
[PlyCount "54"]
[EventDate "2023.09.18"]
[EventType "schev"]
[EventRounds "9"]
[EventCountry "TUR"]
[SourceTitle "EXT 2024"]
[Source "ChessBase"]
[SourceDate "2023.10.10"]
[SourceVersion "1"]
[SourceVersionDate "2023.10.10"]
[SourceQuality "1"]
[WhiteTeam "Team B"]
[BlackTeam "Team A"]
[WhiteTeamCountry "TUR"]
[BlackTeamCountry "TUR"]

1. c4 c6 2. Nf3 d5 3. e3 Nf6 4. Qc2 e6 5. b3 Bd6 6. Bb2 0-0 7. Nc3 e5 8. d4 e4 9. Nd2 Re8 10. Be2 Na6 11. a3 Nc7 12. h3 b6 13. b4 Bf8 14. c5 Ba6 15. Bxa6 Nxa6 16. 0-0 Nc7 17. Rae1 Nh5 18. g4 Qg5 19. Kh2 Nf6 20. f3 h5 21. fxe4 hxg4 22. e5 Qh4 23. Qf5 Qxh3+ 24. Kg1 Qg3+ 25. Kh1 Qh3+ 26. Kg1 Qg3+ 27. Kh1 Qh3+ 1/2-1/2

[Event "Ayvalik Walnut"]
[Site "Ayvalik"]
[Date "2023.09.15"]
[Round "7.2"]
[White "Ozsakallioglu, Okan"]
[Black "Gholami, Aryan"]
[Result "1-0"]
[WhiteElo "2277"]
[BlackElo "2504"]
[PlyCount "49"]
[EventDate "2023.09.11"]
[EventType "schev"]
[EventRounds "9"]
[EventCountry "TUR"]
[SourceTitle "EXT 2024"]
[Source "ChessBase"]
[SourceDate "2023.10.10"]
[SourceVersion "1"]
[SourceVersionDate "2023.10.10"]
[SourceQuality "1"]
[WhiteTeam "Team A"]
[BlackTeam "Team B"]
[WhiteTeamCountry "TUR"]
[BlackTeamCountry "TUR"]

1. e4 c6 2. Nf3 d5 3. d3 g6 4. e5 Bg7 5. d4 Nh6 6. Be2 0-0 7. 0-0 f6 8. exf6 exf6 9. c4 Be6 10. cxd5 Bxd5 11. Nc3 Bf7 12. Re1 Nf5 13. h3 Qc7 14. Bd3 Ne7 15. Bf4 Qxf4 16. Rxe7 b6 17. Qe2 Qd6 18. Rxf7 Rxf7 19. Bc4 Nd7 20. Re1 Raf8 21. Qe7 Qxe7 22. Rxe7 b5 23. Be6 Nb6 24. Ne4 Nc8 25. Rc7 1-0

[Event "Ayvalik Walnut"]
[Site "Ayvalik"]
[Date "2023.09.12"]
[Round "3.1"]
[White "Blesic, Vaso"]
[Black "Gholami, Aryan"]
[Result "0-1"]
[WhiteElo "2264"]
[BlackElo "2504"]
[PlyCount "196"]
[EventDate "2023.09.11"]
[EventType "schev"]
[EventRounds "9"]
[EventCountry "TUR"]
[SourceTitle "EXT 2024"]
[Source "ChessBase"]
[SourceDate "2023.10.10"]
[SourceVersion "1"]
[SourceVersionDate "2023.10.10"]
[SourceQuality "1"]
[WhiteTeam "Team C"]
[BlackTeam "Team B"]
[WhiteTeamCountry "TUR"]
[BlackTeamCountry "TUR"]

1. Nf3 c5 2. c4 g6 3. d4 cxd4 4. Nxd4 Nc6 5. e4 Bg7 6. Be3 Nh6 7. Nc3 0-0 8. Be2 f5 9. Nxc6 dxc6 10. Qc1 Ng4 11. Bxg4 fxg4 12. Bh6 Qd4 13. 0-0 Qxc4 14. Bxg7 Kxg7 15. Qg5 Qe6 16. a4 h6 17. Qe3 Qe5 18. b4 Be6 19. Rac1 Bc4 20. Rfd1 Rfd8 21. Ne2 a5 22. Nd4 Bg8 23. f4 gxf3 24. Nxf3 Qb2 25. bxa5 Qb3 26. Qe1 Qxa4 27. Qc3+ Kh7 28. Rxd8 Rxd8 29. Qc5 Rd7 30. h4 Be6 31. h5 g5 32. Re1 g4 33. Ne5 Qd4+ 34. Qxd4 Rxd4 35. a6 bxa6 36. Nxc6 Rd7 37. Kf2 Rc7 38. Nd4 Bc8 39. Rb1 e5 40. Nf5 a5 41. Nd6 Bd7 42. Nf7 Bc6 43. Nxe5 Bxe4 44. Rb5 Ra7 45. Nxg4 Kg7 46. Rb3 a4 47. Ra3 Bd5 48. Ne3 Bb3 49. Kf3 Kf6 50. Kf4 Rb7 51. Ng4+ Kg7 52. Ne3 Rb4+ 53. Kf5 Rb5+ 54. Kf4 Kf6 55. Ng4+ Ke6 56. Nxh6 Rxh5 57. Ng4 Rh1 58. Nf2 Rf1 59. Ke3 Kd5 60. Ke2 Rg1 61. Kd3 Kc5 62. Kc3 Rc1+ 63. Kd2 Rf1 64. Nd3+ Kc4 65. Ne1 Rf2+ 66. Ke3 Rf8 67. Ra1 Re8+ 68. Kd2 Rd8+ 69. Ke3 Kc3 70. Rc1+ Kb2 71. Rc7 Rd1 72. Nd3+ Kb1 73. Rb7 Ka2 74. Nb4+ Ka1 75. Nd3 Bc4 76. Ne5 Bf1 77. Ra7 Bb5 78. Ra5 Rb1 79. Kd4 Ka2 80. Kc5 a3 81. g4 Be2 82. g5 Kb2 83. Nc4+ Bxc4 84. Kxc4 a2 85. Kd4 Rg1 86. Rb5+ Ka3 87. Ra5+ Kb3 88. Ke4 Rxg5 89. Rxg5 a1Q 90. Rd5 Kc4 91. Re5 Qb1+ 92. Ke3 Qd3+ 93. Kf4 Kd4 94. Re8 Qf1+ 95. Kg3 Qf6 96. Re1 Kd3 97. Rd1+ Ke2 98. Rh1 Qg5+ 0-1

[Event "Ayvalik Walnut"]
[Site "Ayvalik"]
[Date "2023.09.12"]
[Round "2.1"]
[White "Gholami, Aryan"]
[Black "Deveci, Huseyin Said"]
[Result "1-0"]
[WhiteElo "2504"]
[BlackElo "1948"]
[PlyCount "79"]
[EventDate "2023.09.11"]
[EventType "schev"]
[EventRounds "9"]
[EventCountry "TUR"]
[SourceTitle "EXT 2024"]
[Source "ChessBase"]
[SourceDate "2023.10.10"]
[SourceVersion "1"]
[SourceVersionDate "2023.10.10"]
[SourceQuality "1"]
[WhiteTeam "Team B"]
[BlackTeam "Team D"]
[WhiteTeamCountry "TUR"]
[BlackTeamCountry "TUR"]

1. Nf3 Nf6 2. g3 g6 3. b3 Bg7 4. Bb2 0-0 5. Bg2 d6 6. d4 c5 7. c4 cxd4 8. Nxd4 Qa5+ 9. Nc3 Qh5 10. h3 Nc6 11. Nxc6 bxc6 12. Bxc6 Rb8 13. Qd2 Rd8 14. Nd5 Nxd5 15. Bxd5 Bxb2 16. Qxb2 Be6 17. Rd1 Rbc8 18. Qd4 Rc5 19. Bf3 Qg5 20. h4 Qf5 21. Be4 Qh5 22. Bf3 Qf5 23. h5 Re5 24. Kf1 g5 25. g4 Qf6 26. Qxa7 Rc8 27. Qd4 Qg7 28. Rg1 Rf8 29. Rg3 f5 30. gxf5 Bxf5 31. Qc3 Be6 32. Bd5 Qf7 33. Bxe6 Qxe6 34. Rdd3 Qf7 35. Rdf3 Qxh5 36. Rxf8+ Kxf8 37. Qf3+ Qxf3 38. Rxf3+ Kg7 39. b4 Re4 40. Rb3 1-0

[Event "Ayvalik Walnut"]
[Site "Ayvalik"]
[Date "2023.09.11"]
[Round "1.1"]
[White "Eren, Ataberk"]
[Black "Gholami, Aryan"]
[Result "0-1"]
[WhiteElo "2330"]
[BlackElo "2504"]
[PlyCount "84"]
[EventDate "2023.09.11"]
[EventType "schev"]
[EventRounds "9"]
[EventCountry "TUR"]
[SourceTitle "EXT 2024"]
[Source "ChessBase"]
[SourceDate "2023.10.10"]
[SourceVersion "1"]
[SourceVersionDate "2023.10.10"]
[SourceQuality "1"]
[WhiteTeam "Team A"]
[BlackTeam "Team B"]
[WhiteTeamCountry "TUR"]
[BlackTeamCountry "TUR"]

1. d4 Nf6 2. c4 e6 3. Nc3 Bb4 4. f3 d5 5. a3 Be7 6. e4 dxe4 7. fxe4 e5 8. d5 Bc5 9. Nf3 Bg4 10. h3 Bxf3 11. Qxf3 Nbd7 12. Bd2 c6 13. 0-0-0 Bd4 14. Ne2 cxd5 15. exd5 e4 16. Qb3 Be5 17. Be3 0-0 18. Kb1 Rc8 19. Nc3 Nc5 20. Qc2 Re8 21. Nb5 a6 22. Na7 Rc7 23. b4 Nd3 24. Bb6 Nxd5 25. Bxc7 Nxc7 26. Bxd3 Qd4 27. Ka2 exd3 28. Rxd3 Qxa7 29. Re1 Qb6 30. Rde3 f6 31. Rd3 Ne6 32. c5 Qc6 33. Kb1 a5 34. Ree3 Kf8 35. Qa2 Qb5 36. Qb3 Nd4 37. Qd5 Nc6 38. Qe4 axb4 39. axb4 Qa4 40. Qxh7 Qa1+ 41. Kc2 Nxb4+ 42. Kd2 Qb2+ 0-1

[Event "Yerevan Yeghiazaryan Memorial"]
[Site "Yerevan"]
[Date "2023.08.09"]
[Round "9"]
[White "Gholami, Aryan"]
[Black "Mkrtchian, Simon"]
[Result "1-0"]
[WhiteElo "2504"]
[BlackElo "2304"]
[PlyCount "133"]
[EventDate "2023.08.01"]
[EventType "tourn"]
[EventRounds "9"]
[EventCountry "ARM"]
[EventCategory "6"]
[SourceTitle "CBM 215 Extra"]
[Source "ChessBase"]
[SourceDate "2023.09.30"]
[SourceVersion "1"]
[SourceVersionDate "2023.09.30"]
[SourceQuality "1"]

1. Nf3 Nf6 2. g3 d5 3. Bg2 c6 4. 0-0 Bg4 5. d3 Nbd7 6. Nbd2 e5 7. h3 Bh5 8. e4 dxe4 9. dxe4 Bc5 10. Qe2 0-0 11. c3 a5 12. a4 Re8 13. Rd1 Qc7 14. g4 Bg6 15. Ne1 Nf8 16. Nd3 Ba7 17. Nc4 N6d7 18. b3 Nc5 19. Ba3 Nfe6 20. Nxc5 Bxc5 21. Bxc5 Nxc5 22. Qe3 Ne6 23. Qb6 Qe7 24. Rd2 Nf4 25. Nd6 Reb8 26. Rad1 h5 27. f3 Qh4 28. Kh2 hxg4 29. fxg4 Kh7 30. Qf2 Qxf2 31. Rxf2 b5 32. axb5 cxb5 33. b4 axb4 34. cxb4 Ra4 35. Rb2 Rd8 36. Bf1 Bxe4 37. Bxb5 Ra3 38. Bf1 Bf3 39. Rdd2 Ra1 40. Rf2 Rxd6 41. Rxf3 Rdd1 42. b5 Rab1 43. Rfb3 Rd2+ 44. Rxd2 Rxb3 45. Rc2 g5 46. Bc4 Rb4 47. Kg3 e4 48. Kf2 Nd3+ 49. Ke3 Ne5 50. Be2 Kg6 51. Rc5 Nd7 52. Rd5 Nf6 53. Rd6 Kg7 54. Rd8 Kg6 55. Bf1 Kg7 56. Kd2 Rb2+ 57. Kc3 Rb1 58. Be2 e3 59. Rd1 Ne4+ 60. Kd4 Rb4+ 61. Kxe3 Nc3 62. Rd4 Rxd4 63. Kxd4 Nxe2+ 64. Kc4 Nf4 65. b6 Ng6 66. Kd5 Nf4+ 67. Ke4 1-0

[Event "Yerevan Yeghiazaryan Memorial"]
[Site "Yerevan"]
[Date "2023.08.01"]
[Round "1"]
[White "Kosakowski, Jakub"]
[Black "Gholami, Aryan"]
[Result "1/2-1/2"]
[WhiteElo "2480"]
[BlackElo "2504"]
[PlyCount "266"]
[EventDate "2023.08.01"]
[EventType "tourn"]
[EventRounds "9"]
[EventCountry "ARM"]
[EventCategory "6"]
[SourceTitle "CBM 215 Extra"]
[Source "ChessBase"]
[SourceDate "2023.09.30"]
[SourceVersion "1"]
[SourceVersionDate "2023.09.30"]
[SourceQuality "1"]

1. Nf3 Nf6 2. b3 d6 3. d4 g6 4. Bb2 Bg7 5. e3 0-0 6. Be2 c5 7. 0-0 cxd4 8. Nxd4 d5 9. c4 e5 10. Nf3 e4 11. Nd4 dxc4 12. Bxc4 a6 13. Nd2 Nbd7 14. Qc2 b5 15. Nc6 Qe8 16. Be2 Bb7 17. Na5 Rc8 18. Qd1 Ba8 19. Rc1 Qe7 20. Nb1 Nc5 21. Ba3 Nd5 22. Rc2 Rfd8 23. Qc1 b4 24. Bb2 Nc3 25. Bxc3 Nd3 26. Bxb4 Nxc1 27. Bxe7 Rxc2 28. Bd1 Rxd1 29. Rxd1 Nd3 30. a4 Bd5 31. Na3 Ra2 32. N3c4 Bc3 33. Nb6 Be6 34. Nac4 f6 35. h3 Kf7 36. Bd8 f5 37. f3 Kg7 38. fxe4 fxe4 39. Rf1 Re2 40. Bh4 h6 41. Be7 g5 42. a5 Kg6 43. Na4 Bg7 44. Nc5 Bxc4 45. bxc4 Rxe3 46. Ne6 Re2 47. h4 gxh4 48. Nf4+ Nxf4 49. Rxf4 Be5 50. Kf1 Re3 51. Rf2 h3 52. gxh3 Rxh3 53. Rf8 Rc3 54. Ke2 Rxc4 55. Ke3 Bd4+ 56. Kf4 e3 57. Kf3 Rc2 58. Bh4 Rc6 59. Ke4 Bf6 60. Be1 Re6+ 61. Kf3 Bg5 62. Ke2 Rf6 63. Rb8 h5 64. Rb4 Kf5 65. Rc4 Re6 66. Kf3 Kg6 67. Ke2 Rf6 68. Rb4 Rc6 69. Rb6 Rf6 70. Rb4 Kf7 71. Rb7+ Ke8 72. Rc7 Bf4 73. Rc5 Rh6 74. Rf5 Bb8 75. Kxe3 h4 76. Bxh4 Rxh4 77. Rf6 Kd7 78. Rxa6 Bd6 79. Ra8 Ra4 80. Kd3 Kc6 81. a6 Bc5 82. Kc3 Kb5 83. Rb8+ Kxa6 84. Rb1 Bb6 85. Kd3 Kb7 86. Rf1 Rd4+ 87. Kc3 Rd6 88. Rf5 Kc6 89. Rh5 Bc5 90. Rh4 Kb5 91. Rg4 Re6 92. Rh4 Re3+ 93. Kc2 Bb4 94. Rh8 Rc3+ 95. Kd1 Kc4 96. Ke2 Bc5 97. Rc8 Re3+ 98. Kf1 Re5 99. Rd8 Bd4 100. Kg2 Kd3 101. Kf3 Re1 102. Rd6 Rf1+ 103. Kg4 Ke4 104. Re6+ Be5 105. Rg6 Bf6 106. Kh5 Ke5 107. Kg4 Ke6 108. Rh6 Ra1 109. Rh5 Ra4+ 110. Kf3 Be5 111. Rh1 Kd5 112. Rd1+ Bd4 113. Rd2 Ra3+ 114. Kf4 Ra8 115. Kf3 Rf8+ 116. Ke2 Ke4 117. Rc2 Rh8 118. Rd2 Bc3 119. Rc2 Rh3 120. Kd1 Rh1+ 121. Ke2 Bd4 122. Rd2 Rc1 123. Ra2 Rc8 124. Rd2 Bc3 125. Ra2 Bb4 126. Rb2 Bc3 127. Ra2 Rh8 128. Rc2 Kd4 129. Kf3 Kd3 130. Rg2 Bd2 131. Kg4 Rf8 132. Rg3+ Ke4 133. Rg2 Bf4 1/2-1/2

[Event "TUR-chT 1st League"]
[Site "Denizli"]
[Date "2023.07.12"]
[Round "6.52"]
[White "Dalgar, Hakki Berat"]
[Black "Gholami, Aryan"]
[Result "0-1"]
[WhiteElo "1968"]
[BlackElo "2503"]
[PlyCount "114"]
[EventDate "2023.07.09"]
[EventType "team-swiss"]
[EventRounds "9"]
[EventCountry "TUR"]
[SourceTitle "CBM 215 Extra"]
[Source "ChessBase"]
[SourceDate "2023.09.30"]
[SourceVersion "1"]
[SourceVersionDate "2023.09.30"]
[SourceQuality "1"]
[WhiteTeam "Karaman Saglik"]
[BlackTeam "Besiktas Jimnastik"]
[WhiteTeamCountry "TUR"]
[BlackTeamCountry "TUR"]

1. Nh3 d5 2. g3 e5 3. f4 Bxh3 4. Bxh3 exf4 5. d4 Bd6 6. Qd3 Nc6 7. c3 fxg3 8. hxg3 Nf6 9. Bg5 h6 10. Bf5 Ne7 11. Bxf6 gxf6 12. g4 Nxf5 13. Qxf5 Be7 14. Nd2 Qd7 15. 0-0-0 Qxf5 16. gxf5 Kd7 17. Rdg1 Bd6 18. Rg7 Ke7 19. e3 Rae8 20. Rh3 h5 21. Rg1 Reg8 22. Rxg8 Rxg8 23. Rxh5 Rg3 24. Rh1 Rxe3 25. Rf1 Kf8 26. Rf3 Re2 27. Kc2 Rg2 28. Kd3 Kg7 29. b3 Kh6 30. c4 Bb4 31. Nf1 dxc4+ 32. Kxc4 Bd6 33. a4 Kg5 34. Kd3 Bf4 35. Ne3 Rg1 36. Nd5 Bd6 37. Ne3 c6 38. d5 Bf4 39. dxc6 bxc6 40. Nc2 c5 41. Ke4 Be5 42. Ne3 Bd4 43. Nc2 Be5 44. Ne3 Rb1 45. Nc4 Kg4 46. Ne3+ Kg5 47. Nc4 Bd4 48. Rg3+ Kh4 49. Rg7 Rxb3 50. Rxf7 Rb4 51. Kd5 Rxa4 52. Nd6 Kg5 53. Ke6 Be5 54. Nc8 c4 55. Nxa7 c3 56. Nc6 Ra6 57. Kd5 Rxc6 0-1

[Event "TUR-chT"]
[Site "Ankara"]
[Date "2022.08.24"]
[Round "10.2"]
[White "Maghsoodloo, Parham"]
[Black "Gholami, Aryan"]
[Result "1/2-1/2"]
[WhiteElo "2701"]
[BlackElo "2507"]
[PlyCount "59"]
[EventDate "2022.08.16"]
[EventType "team-tourn"]
[EventRounds "13"]
[EventCountry "TUR"]
[SourceTitle "CBM 209 Extra"]
[Source "ChessBase"]
[SourceDate "2022.09.30"]
[SourceVersion "1"]
[SourceVersionDate "2022.09.30"]
[SourceQuality "1"]
[WhiteTeam "Gokturk"]
[BlackTeam "Bursa Buyuksehir"]
[WhiteTeamCountry "TUR"]
[BlackTeamCountry "TUR"]

1. d4 Nf6 2. c4 e6 3. Nf3 b6 4. g3 Bb7 5. Bg2 Be7 6. 0-0 0-0 7. Re1 d5 8. cxd5 exd5 9. Nc3 Na6 10. Bf4 c5 11. e3 Ne4 12. h4 h6 13. h5 Nc7 14. Ne5 Nf6 15. dxc5 Bxc5 16. Ng4 Ne6 17. Nxf6+ Qxf6 18. Nxd5 Bxd5 19. Qxd5 Nxf4 20. gxf4 Rad8 21. Qb3 Qh4 22. Red1 Qxh5 23. Qa4 Qe2 24. b4 Rxd1+ 25. Qxd1 Qxd1+ 26. Rxd1 Bxb4 27. Rd7 a5 28. Bd5 g5 29. fxg5 hxg5 30. e4 1/2-1/2

[Event "TUR-chT"]
[Site "Ankara"]
[Date "2022.08.23"]
[Round "8.1"]
[White "Sanal, Vahap"]
[Black "Gholami, Aryan"]
[Result "1-0"]
[WhiteElo "2570"]
[BlackElo "2507"]
[PlyCount "283"]
[EventDate "2022.08.16"]
[EventType "team-tourn"]
[EventRounds "13"]
[EventCountry "TUR"]
[SourceTitle "CBM 209 Extra"]
[Source "ChessBase"]
[SourceDate "2022.09.30"]
[SourceVersion "1"]
[SourceVersionDate "2022.09.30"]
[SourceQuality "1"]
[WhiteTeam "Deniz Su Aquamatch"]
[BlackTeam "Bursa Buyuksehir"]
[WhiteTeamCountry "TUR"]
[BlackTeamCountry "TUR"]

1. e4 e5 2. Nc3 Nf6 3. Bc4 Bc5 4. d3 d6 5. h3 Be6 6. Bxe6 fxe6 7. Na4 Bb6 8. Nxb6 axb6 9. Ne2 Nc6 10. Ng3 d5 11. c3 dxe4 12. dxe4 Qxd1+ 13. Kxd1 b5 14. Bd2 Na5 15. Kc2 Nc4 16. Bc1 Ra6 17. f3 Rg8 18. b3 Nd6 19. h4 h6 20. Ne2 Ke7 21. Be3 Nd7 22. Nc1 c5 23. Kb2 c4 24. b4 Nf7 25. Ne2 Rga8 26. h5 Rd6 27. Rae1 Ke8 28. Nc1 Nf6 29. Kc2 Rad8 30. Re2 Ra6 31. Bc5 Nd7 32. Bf2 Nf6 33. Be3 Rd7 34. Bc5 Rd8 35. Ree1 Nd7 36. Be3 Nf6 37. Kb1 Rad6 38. Ref1 R8d7 39. Kc2 Rd8 40. Rh2 R8d7 41. Rfh1 Ng5 42. Rh4 Rd8 43. Re1 Nf7 44. Rh3 Ng5 45. Rh2 Nf7 46. Re2 Ra6 47. Rh3 Rad6 48. Rh4 Ra6 49. Bc5 Nd7 50. Bg1 Nf6 51. Bh2 Rd7 52. Bg3 Rd8 53. Be1 Rad6 54. Re3 Rd1 55. Re2 R1d6 56. Bd2 Ra6 57. Be3 Rad6 58. Rd2 Rxd2+ 59. Bxd2 Ra8 60. Be3 Ra6 61. Rh1 Ra8 62. Kb2 Rd8 63. Ne2 Rd3 64. Bc1 Kd7 65. Kc2 Ke8 66. Rh4 Rd8 67. Ng3 Ra8 68. a3 Rd8 69. Nh1 Ke7 70. Nf2 Ke8 71. Rh1 Ra8 72. Kb2 Ra6 73. Be3 Ra8 74. Bc1 Ra6 75. Nd1 Ra8 76. Ne3 Ra6 77. Bd2 Ra8 78. Nc2 Rd8 79. Kc1 Rd6 80. Kd1 Ra6 81. Ke2 Ra8 82. Be3 Ra6 83. g4 Ra8 84. Ra1 Ra4 85. Bf2 Nd7 86. Be3 Ke7 87. Rg1 Nf6 88. Bc5+ Ke8 89. Rh1 Ra8 90. Be3 Ra6 91. Bc1 Ra8 92. Ne1 Ra6 93. Ng2 Ra8 94. Ne3 Ra6 95. Bb2 Ra4 96. Ra1 Ng8 97. Bc1 Nf6 98. Nd1 Ra8 99. Nb2 Nd6 100. Be3 Nd7 101. Bf2 Ra6 102. Rd1 Ke7 103. Bh4+ Nf6 104. Ra1 Ke8 105. Bf2 Nd7 106. Rd1 Ke7 107. Bh4+ Nf6 108. Ra1 Ke8 109. Ke1 Ke7 110. Nd1 Nf7 111. Ke2 Ke8 112. Ra2 Nd7 113. Ne3 Ra4 114. Ra1 Nb6 115. Nc2 Nd7 116. Rg1 Ra6 117. Be1 Nf6 118. Bd2 Ra8 119. Bc1 Ra6 120. Rf1 Ra8 121. Be3 Ra6 122. Bf2 Ra8 123. Ra1 Ra4 124. Ne3 Nd7 125. Nd1 Ra6 126. Nb2 Nd6 127. Be3 Ke7 128. g5 hxg5 129. Bxg5+ Nf6 130. h6 Nf7 131. Bxf6+ gxf6 132. h7 Ra8 133. a4 Rh8 134. axb5 Nd6 135. Ra7 f5 136. Nxc4 Nxc4 137. Rxb7+ Kf6 138. Rc7 Nd6 139. b6 Nb5 140. Rc5 Nd6 141. Rc6 Nb5 142. b7 1-0

[Event "TUR-chT"]
[Site "Ankara"]
[Date "2022.08.20"]
[Round "5.6"]
[White "Abasov, Nijat Azad"]
[Black "Gholami, Aryan"]
[Result "1-0"]
[WhiteElo "2633"]
[BlackElo "2507"]
[PlyCount "71"]
[EventDate "2022.08.16"]
[EventType "team-tourn"]
[EventRounds "13"]
[EventCountry "TUR"]
[SourceTitle "CBM 210 Extra"]
[Source "ChessBase"]
[SourceDate "2022.11.30"]
[SourceVersion "1"]
[SourceVersionDate "2022.11.30"]
[SourceQuality "1"]
[WhiteTeam "Darassufaka Spor"]
[BlackTeam "Bursa Buyuksehir"]
[WhiteTeamCountry "TUR"]
[BlackTeamCountry "TUR"]

1. d4 Nf6 2. Nf3 e6 3. c4 d5 4. Nc3 Bb4 5. cxd5 exd5 6. Bg5 Nbd7 7. e3 c5 8. dxc5 Qa5 9. Rc1 0-0 10. a3 Bxc3+ 11. Rxc3 Ne4 12. b4 Nxc3 13. Qa1 Qa4 14. Qxc3 a5 15. b5 Nxc5 16. Qxc5 Bd7 17. Qxd5 Be6 18. Qd2 Qxa3 19. Bd3 Qa1+ 20. Qd1 Qc3+ 21. Ke2 f6 22. Bf4 g5 23. Nd4 Bg4+ 24. f3 gxf4 25. fxg4 Rfe8 26. Nf5 a4 27. Qa1 Qc5 28. Rc1 Qe5 29. Qa2+ Kf8 30. Qa3+ Kg8 31. Rc5 Qb8 32. Qa2+ Kf8 33. Nh6 Rxe3+ 34. Kf2 Qe8 35. Qg8+ Ke7 36. Qg7+ 1-0

[Event "TUR-chT"]
[Site "Ankara"]
[Date "2022.08.18"]
[Round "3.5"]
[White "Nguyen, Thai Dai Van"]
[Black "Gholami, Aryan"]
[Result "1/2-1/2"]
[WhiteElo "2629"]
[BlackElo "2507"]
[PlyCount "47"]
[EventDate "2022.08.16"]
[EventType "team-tourn"]
[EventRounds "13"]
[EventCountry "TUR"]
[SourceTitle "CBM 209 Extra"]
[Source "ChessBase"]
[SourceDate "2022.09.30"]
[SourceVersion "1"]
[SourceVersionDate "2022.09.30"]
[SourceQuality "1"]
[WhiteTeam "Gokyay Vakfi"]
[BlackTeam "Bursa Buyuksehir"]
[WhiteTeamCountry "TUR"]
[BlackTeamCountry "TUR"]

1. e4 e5 2. Nf3 Nf6 3. Nxe5 d6 4. Nf3 Nxe4 5. d4 d5 6. Bd3 Bd6 7. 0-0 0-0 8. c4 c6 9. Re1 Re8 10. Nc3 Nxc3 11. bxc3 Rxe1+ 12. Qxe1 h6 13. Rb1 Nd7 14. cxd5 cxd5 15. Be3 Qc7 16. Qd2 Nf6 17. h3 Be6 18. Qb2 b6 19. Rc1 Rc8 20. Qe2 Ba3 21. Rc2 Bd6 22. Rc1 Ba3 23. Rc2 Bd6 24. Rc1 1/2-1/2

[Event "TUR-chT"]
[Site "Ankara"]
[Date "2022.08.16"]
[Round "1.4"]
[White "Gukesh, Dommaraju"]
[Black "Gholami, Aryan"]
[Result "1-0"]
[WhiteElo "2699"]
[BlackElo "2507"]
[PlyCount "101"]
[EventDate "2022.08.16"]
[EventType "team-tourn"]
[EventRounds "13"]
[EventCountry "TUR"]
[SourceTitle "CBM 209 Extra"]
[Source "ChessBase"]
[SourceDate "2022.09.30"]
[SourceVersion "1"]
[SourceVersionDate "2022.09.30"]
[SourceQuality "1"]
[WhiteTeam "Turk Hava Yollari"]
[BlackTeam "Bursa Buyuksehir"]
[WhiteTeamCountry "TUR"]
[BlackTeamCountry "TUR"]

1. e4 c6 2. d4 d5 3. Nc3 dxe4 4. Nxe4 Nf6 5. Nxf6+ exf6 6. c3 Bd6 7. Bd3 0-0 8. Qc2 Re8+ 9. Ne2 h5 10. 0-0 Qc7 11. h3 Be6 12. c4 Na6 13. a3 Qd7 14. f4 f5 15. b4 Bxb4 16. axb4 Nxb4 17. Qc3 Nxd3 18. Qxd3 b5 19. cxb5 cxb5 20. d5 Qxd5 21. Nd4 a5 22. Bb2 b4 23. Qg3 f6 24. Nxe6 Rxe6 25. Rfd1 Qb7 26. Rd2 Qa7+ 27. Bd4 Qc7 28. Bf2 a4 29. Rad1 Re7 30. Qf3 Rae8 31. Qxh5 Qc8 32. Rd4 b3 33. Rxa4 b2 34. Rb4 Qc1 35. Kh2 Qc2 36. Rb7 Qxd1 37. Qxd1 Rxb7 38. Qd5+ Rf7 39. Qb3 Re2 40. Bd4 Kh7 41. Bxb2 Rc7 42. Ba3 Rcc2 43. Qb7 Kg6 44. Bf8 Rxg2+ 45. Qxg2+ Rxg2+ 46. Kxg2 Kf7 47. Bb4 g5 48. Kg3 Kg6 49. Be7 Kf7 50. Bd8 Kg6 51. Kf3 1-0

[Event "Marmaris Karya 19th"]
[Site "Marmaris"]
[Date "2022.05.16"]
[Round "10.1"]
[White "Gholami, Aryan"]
[Black "Caglar, Sila"]
[Result "0-1"]
[WhiteElo "2530"]
[BlackElo "2133"]
[PlyCount "108"]
[EventDate "2022.05.15"]
[EventType "schev"]
[EventRounds "10"]
[EventCountry "TUR"]
[SourceTitle "CBM 208 Extra"]
[Source "ChessBase"]
[SourceDate "2022.07.31"]
[SourceVersion "1"]
[SourceVersionDate "2022.07.31"]
[SourceQuality "1"]

1. Nf3 d5 2. g3 Nc6 3. d4 Bf5 4. Bg2 Nb4 5. Na3 Nf6 6. c3 Nc6 7. 0-0 e6 8. Nc2 Be7 9. b3 0-0 10. Bb2 b5 11. Nh4 Be4 12. Ne3 Bxg2 13. Nhxg2 a5 14. Nf4 a4 15. Nd3 a3 16. Bc1 Ne4 17. Bd2 b4 18. Nxb4 Bxb4 19. cxb4 Nxd4 20. Be1 Nb5 21. Qd3 c6 22. f3 Ned6 23. Nc2 e5 24. e4 Qb6+ 25. Bf2 d4 26. Be1 Rad8 27. Bd2 f6 28. Kg2 Rf7 29. Rac1 Rdf8 30. g4 Rc8 31. f4 Re7 32. g5 f5 33. fxe5 fxe4 34. Qg3 Nf7 35. Qg4 Rce8 36. Qxe4 Rxe5 37. Qf4 Nxg5 38. h4 Re2+ 39. Kh1 c5 40. hxg5 Qb7+ 41. Qf3 Qxf3+ 42. Rxf3 Rxd2 43. bxc5 Ree2 44. Nb4 Rh2+ 45. Kg1 Rdg2+ 46. Kf1 Nc3 47. Rfxc3 dxc3 48. c6 Rf2+ 49. Kg1 Rhg2+ 50. Kh1 Rxg5 51. c7 Rc5 52. Na6 Rc6 53. b4 Rb2 54. Rd1 c2 0-1

[Event "Marmaris Karya 19th"]
[Site "Marmaris"]
[Date "2022.05.15"]
[Round "1.5"]
[White "Ozdemir, Serhan Berat"]
[Black "Gholami, Aryan"]
[Result "0-1"]
[WhiteElo "2117"]
[BlackElo "2530"]
[PlyCount "130"]
[EventDate "2022.05.15"]
[EventType "schev"]
[EventRounds "10"]
[EventCountry "TUR"]
[SourceTitle "CBM 208 Extra"]
[Source "ChessBase"]
[SourceDate "2022.07.31"]
[SourceVersion "1"]
[SourceVersionDate "2022.07.31"]
[SourceQuality "1"]

1. e4 c5 2. Nf3 a6 3. c3 Nf6 4. e5 Nd5 5. d4 cxd4 6. cxd4 e6 7. a3 b5 8. Bd3 Bb7 9. 0-0 d6 10. Re1 Be7 11. Nbd2 dxe5 12. Nxe5 Nc6 13. Ndf3 0-0 14. Qe2 Rc8 15. Bd2 Nf6 16. Be3 Qd5 17. Rad1 Rfd8 18. Bb1 Na5 19. Nd3 Qh5 20. Nf4 Qg4 21. d5 Nxd5 22. Bxh7+ Kxh7 23. Nxd5 Bxd5 24. Ng5+ Qxg5 25. Bxg5 Bxg5 26. Qh5+ Bh6 27. Qxf7 Rf8 28. Qe7 Rf6 29. b4 Nc4 30. Rd3 Rcf8 31. f3 Bf4 32. Qa7 Ne5 33. Rc3 Bd2 34. Rxe5 Bxc3 35. Rg5 R6f7 36. Qe3 Bf6 37. Rh5+ Kg8 38. Qd3 Rd7 39. h4 Kf7 40. Rh7 e5 41. h5 e4 42. fxe4 Be6 43. Qg3 Bd4+ 44. Kh2 Kg8 45. Rh6 Bf7 46. Rd6 Rfd8 47. Rxd7 Rxd7 48. h6 Re7 49. Qg4 Re6 50. g3 Rxh6+ 51. Kg2 Be6 52. Qg5 Rf6 53. g4 Kf7 54. Kg3 Rg6 55. Qf4+ Bf6 56. Qc7+ Be7 57. Qf4+ Kg8 58. Qb8+ Bf8 59. Qe8 Rxg4+ 60. Kf3 Bf7 61. Qc8 Rg6 62. Kf4 Rf6+ 63. Ke5 Re6+ 64. Kd4 g5 65. e5 g4 0-1